| 000 | 00719nam a2200241Ia 4500 | ||
|---|---|---|---|
| 003 | OSt | ||
| 005 | 20221006140639.0 | ||
| 006 | a|||||r|||| 00| 0 | ||
| 007 | ta | ||
| 008 | 221006b |||||||| |||| 00| 0 eng d | ||
| 024 | _a258 | ||
| 037 |
_bGift, Japan Foundation _cTextual |
||
| 040 |
_aEASL _cEASL _beng |
||
| 041 |
_2eng _aeng |
||
| 082 | _aX:5.42, N7 | ||
| 100 |
_aMcINTYRE John R Ed. _9472575 |
||
| 245 | 0 |
_aJapan's technical standards _b Implications for global trade and competitiveness |
|
| 260 |
_aWestport _bQuorum Books _c1997 |
||
| 300 |
_a185p. _ccm. |
||
| 490 | _v JEL | ||
| 942 |
_hX:5.42, N7 _cTEXL _2CC |
||
| 999 |
_c1068345 _d1068345 |
||